MDQL
is popping MORE tags! Check the
thread
!
Quizzes
Events
Quiz Creation
Community
Videos
Private Events
Remove Ads
Sign In
Join for FREE
Feedback
Dark Mode
Quiz Categories
Sports
Geography
Music
Movies
Television
Just For Fun
Miscellaneous
History
Literature
Language
Science
Gaming
Entertainment
Religion
Holiday
For Kids
Quiz Lab
Recent
Popular Today
Quiz Kudos Today
Editor Picks
Curator Picks
Quizzes by...
Day
Popularity
Type
Ratings
Length
Year
Community
Subscriptions
Recent Discussions
Orange Saloon
Badges
Playlists
Quests
Create
Leaderboards
Showdown
Live 5
Trivia Bingo
Activity
Puzzle Library
Sporcle Events
Private Events
Virtual Trivia
Globe League
Become a Host
Pub Owners
SporcleCon
Opinionation
Our Games
Videos
Blog
Mobile Apps
Partnerships
Remove Ads and Go Orange
Feedback
Music
Pop Music
The Beatles
Song
Album
Lyrics
Bands
Singers
Artist
Clip
Rock
Rap
Classical
Billboard
Country Music
Kpop
Taylor Swift
Music
Pop Music
The Beatles
Song
Album
Lyrics
Bands
Singers
Artist
Clip
Rock
Rap
Classical
Billboard
Country Music
Kpop
Taylor Swift
Random Quiz
Search Sporcle
×
Quiz Lab
Quiz Lab
Music
Disney
Type in answers that appear in a list
Type in answers that appear in a list
Classic
Best Score? Go Orange.
Can you guess the disney lyrics? Stats
Can you name the disney lyrics?
By
hahahahi
10m
106 Questions
1,376 Plays
1,376 Plays
1,376 Plays
Comments
Comments
Give Quiz Kudos
Give Quiz Kudos
-
- Ratings
hide this ad
Replay
Link that replays current quiz
Next Quiz
Link to next quiz in quiz playlist
You Got
0%
They Got
Avg Score
49%
Avg Friend Score
Upgrade to see
Score Distribution
Jump to the score distribution portion of the page
Score
0/106
Timer
10:00
0
Plays Today
% Correct
a
98.5%
a
98.5%
the
98.5%
and
98.5%
and
98.5%
the
98.5%
the
98.5%
the
98.5%
And
98.5%
the
98.5%
the
98.5%
and
98.5%
the
98.5%
the
98.5%
a
98.5%
and
98.5%
a
98.5%
a
98.5%
and
98.5%
the
98.5%
I
96.9%
in
71.4%
in
71.4%
is
69.4%
is
69.4%
To
69.3%
When
68.7%
Where
67.3%
Where
67.3%
on
66.9%
on
66.9%
on
66.9%
of
63.7%
there
56.3%
Are
49.2%
from
48.3%
% Correct
from
48.3%
from
48.3%
from
48.3%
its
47.8%
Its
47.8%
its
47.8%
Like
47.7%
not
47.6%
but
43.8%
come
43%
Come
43%
place
41.9%
night
39.8%
land
39.1%
far
38.7%
away
37.6%
Oh
35.8%
than
35.7%
than
35.7%
by
35.5%
down
34.7%
Out
34%
Could
33.8%
more
33.6%
days
33.2%
off
32.7%
Arabian
32%
Arabian
32%
Arabian
32%
Arabian
32%
Arabian
32%
his
31.8%
good
31.3%
hot
30.7%
nights
30.6%
nights
30.6%
% Correct
home
30.4%
fly
28.9%
camels
28.5%
Hey
28.1%
east
27.9%
west
27.9%
ways
27.9%
another
27.5%
roam
27.3%
lot
27%
hotter
26.8%
sand
26.7%
moons
25.9%
often
25.8%
carpet
25.7%
Stop
25.1%
wind's
24.9%
caravan
24.7%
Hop
23.4%
barbaric
23.2%
right
23.1%
dunes
22.8%
sun's
22.7%
heat
22.6%
fall
21.5%
fall
21.5%
intense
21.1%
hard
21%
fool
20.5%
guard
20.3%
glass
18%
immense
17.7%
flat
14.5%
'neath
12.3%
Quiz Playlist
Details
Report
Send in Message
Add To Playlist
Classic:
Type in answers that appear in a list
Last Updated: Feb 16, 2017
Quiz Scoreboard
CHALLENGE
Sign Up to Join the Scoreboard
Show All
Scores
Hide
Comments
May contain spoilers
Recently Published
Colored Red Africa Blitz
by spor1
Geography
30s
Find the 'City' Movie
by crazypaving
Movies
60s
5x2 Blitz: Bands
by SL_Kpop136
Music
30s
More to Explore
Quiz From the Vault
Featured Blog Post
14 Easter Pick-up Lines to Find Eggs With
hide this ad
You Might Also Like...
Tags
Disney Quiz
Today's Top Quizzes in Music
Browse Music
hide this ad
Today's Top Quizzes in Disney
Browse Disney
Top Contributed Quizzes in Music
1
5X2 Blitz: Bands II
2
5X2 Blitz: The Beatles
3
Taylor Swift All Songs (2024)
4
5X2 Blitz: Billboard
5
Taylor Swift Logic Puzzle II
6
5X2 Blitz: Billboard II
7
Taylor Swift Logic Puzzle
8
5X2 Blitz: Rock
9
5X2 Blitz: Singers
10
5X2 Blitz: Album
Explore More
Trending Topics
Disney
Marvel
Crossword
Kpop
Anime
NBA
Harry Potter
Song
WWE
Soccer
Country
NFL
Puzzle
Pokémon
The Office
hide this ad
More By:
hahahahi
Quiz
Plays
Rating
Category
Featured
Created
Pretty Little Liars YAY
20,224
1.92
Television
Sep 15, 2010
SuperNatural Trivia!
2,341
4.67
Television
Sep 13, 2010
Can you guess the disney lyrics?
1,376
5.00
Music
Sep 24, 2010
Guess? Disney Lyrics
684
3.33
Music
Sep 16, 2010
Friends Trivia(AMAZING)
489
2.38
Television
May 31, 2011
Go to Creator's Profile
Score Distribution
Quiz Creator Spotlight
hahahahi
Follow
Send a Message
Quizzes Created
-
Created Quiz Play Count
-
More By This Creator
Popular Quizzes Today
1
Colored Red Africa Blitz
2
Find the 'City' Movie
3
5x2 Blitz: Bands
4
Find the US States - No Outlines Minefield
5
The Countries of the World
6
Find the US States
7
US States
8
Find the Countries of Europe - No Outlines Minefield
More Music Quizzes
Composers: Which Genre?
Curator's Pick
Trending Quizzes
Colored Red Europe Blitz I
Colored Red Africa Blitz II
Colored Red Europe Blitz II
Colored Red Africa Blitz III
Colored Red Europe Blitz III
Recently Updated
How Do You Spell That?
pecheneg
Godzilla Movies
pecheneg
Grab Bag: 4-10 Letters
pecheneg
2024 March Madness Bracket
pecheneg
Famous TV Couples
Peacemaker
Champions League XIs: Real Madrid
pecheneg
Largest US Cities 1790-2010
pecheneg
Rides in Walt Disney World
pecheneg
Most Oscar Losses (Acting)
pecheneg
Beyoncé Albums
pecheneg
Trending Topics
Crossword
NBA
Harry Potter
Kpop
Disney
Anime
Marvel
The Office
Soccer
WWE
NFL
Pokémon
Song
Puzzle
Country
Your Account Isn't Verified!
In order to create a playlist on Sporcle, you need to verify the email address you used during registration. Go to your
Sporcle Settings
to finish the process.
Report this User
Report this user for behavior that violates our
Community Guidelines
.
Details:
Send Report
Go to the Sporcle.com Mobile Site →
Comments